| Tag |
First Indicator |
Second Indicator |
Subfields |
| LEADER |
00000cam a2200000 i 4500 |
| 001 |
in00005521421 |
| 006 |
m o d |
| 007 |
cr ||||||||||| |
| 008 |
211112s2022 enk ob 001 0 eng |
| 005 |
20241108165658.2 |
| 010 |
|
|
|a 2021053525
|
| 035 |
|
|
|a (OCoLC)on1290723989
|
| 040 |
|
|
|a DLC
|b eng
|e rda
|c DLC
|d OCLCF
|d TYFRS
|d DLC
|d CQ$
|d UKAHL
|d OCLCQ
|d SFB
|d OCLCQ
|d OCLCO
|d OCLCL
|
| 019 |
|
|
|a 1290316485
|
| 020 |
|
|
|a 9781000575163
|q (epub)
|
| 020 |
|
|
|a 1000575160
|
| 020 |
|
|
|a 9781003134374
|q (ebk)
|
| 020 |
|
|
|a 1003134378
|
| 020 |
|
|
|z 9780367681302
|q (hbk)
|
| 020 |
|
|
|z 9780367681326
|q (pbk)
|
| 020 |
|
|
|a 9781000575132
|q (electronic bk. : PDF)
|
| 020 |
|
|
|a 1000575136
|q (electronic bk. : PDF)
|
| 024 |
7 |
|
|a 10.1201/9781003134374
|2 doi
|
| 035 |
|
|
|a (OCoLC)1290723989
|z (OCoLC)1290316485
|
| 037 |
|
|
|a 9781003134374
|b Taylor & Francis
|
| 042 |
|
|
|a pcc
|
| 050 |
0 |
0 |
|a TD745
|
| 072 |
|
7 |
|a TEC
|x 010030
|2 bisacsh
|
| 072 |
|
7 |
|a TEC
|x 010020
|2 bisacsh
|
| 072 |
|
7 |
|a TEC
|x 009110
|2 bisacsh
|
| 072 |
|
7 |
|a KNBW
|2 bicssc
|
| 082 |
0 |
0 |
|a 628.3
|2 23/eng/20211228
|
| 049 |
|
|
|a TXAM
|
| 100 |
1 |
|
|a Riffat, Rumana,
|e author.
|
| 245 |
1 |
0 |
|a Fundamentals of wastewater treatment and engineering /
|c Rumana Riffat, Taqsim Husnain.
|
| 250 |
|
|
|a Second edition.
|
| 264 |
|
1 |
|a Abingdon, Oxon ;
|a Boca Raton, FL :
|b CRC Press,
|c 2022.
|
| 300 |
|
|
|a 1 online resource
|
| 336 |
|
|
|a text
|b txt
|2 rdacontent
|
| 337 |
|
|
|a computer
|b c
|2 rdamedia
|
| 338 |
|
|
|a online resource
|b cr
|2 rdacarrier
|
| 504 |
|
|
|a Includes bibliographical references and index.
|
| 520 |
|
|
|a "This new edition introduces the fundamental concepts of wastewater treatment, followed by engineering design of unit processes for sustainable treatment of municipal wastewater and resource recovery. It covers history, current practices, emerging concerns and pertinent regulations for this important area of engineering"--
|c Provided by publisher.
|
| 588 |
|
|
|a Description based on print version record and CIP data provided by publisher.
|
| 650 |
|
0 |
|a Sewage
|x Purification.
|
| 650 |
|
6 |
|a Eaux usées
|x Épuration.
|
| 650 |
|
7 |
|a Sewage
|x Purification
|2 fast
|
| 655 |
|
7 |
|a Electronic books.
|2 local
|
| 700 |
1 |
|
|a Husnain, Taqsim,
|e author.
|
| 710 |
2 |
|
|a Taylor & Francis.
|
| 758 |
|
|
|i has work:
|a Fundamentals of wastewater treatment and engineering (Text)
|1 https://id.oclc.org/worldcat/entity/E39PCH6vkTPKKDQM6rvdcdjMxC
|4 https://id.oclc.org/worldcat/ontology/hasWork
|
| 776 |
0 |
8 |
|i Print version:
|a Riffat, Rumana.
|t Fundamentals of wastewater treatment and engineering
|b Second edition.
|d Abingdon, Oxon ; Boca Raton, FL : CRC Press, 2022
|z 9780367681302
|w (DLC) 2021053524
|
| 856 |
4 |
0 |
|u http://proxy.library.tamu.edu/login?url=https://www.taylorfrancis.com/books/9781003134374
|z Connect to the full text of this electronic book
|t 0
|
| 955 |
|
|
|a Taylor and Francis ENGnetBASE
|
| 994 |
|
|
|a 92
|b TXA
|
| 999 |
f |
f |
|s 48a2abce-8aeb-45d9-9018-a331a021a057
|i 093c967d-9b96-4094-b409-152c9e9dd64b
|t 0
|
| 952 |
f |
f |
|a Texas A&M University
|b College Station
|c Electronic Resources
|d Available Online
|t 0
|e TD745
|h Library of Congress classification
|
| 998 |
f |
f |
|a TD745
|t 0
|l Available Online
|